Дело Александро-Невской лавры по предложению его высокопреосвященства об отсылке к празднику Светлого Христова Воскресения разны...

Доступно только в Электронных читальных залах Найти на картеНа карте
RUSMARC
00003834nmc2a2200000 x 450
00195daa6f6-f032-43fc-9eb9-331b0eb13255
00520170830122804.0
100##$a20140825l18991899k l0rusy0189 ca
1010#$arus
102##$aRU
2001#$aДело Александро-Невской лавры по предложению его высокопреосвященства об отсылке к празднику Светлого Христова Воскресения разным начальствующим особам для раздач за красное яичко бедным 1125 рублей и за пасхальные листки 75 рублей, всего 1200 рублей
$j[Начато]12 апреля 1899 г.
251##$cДело
300##$aДело
801#0$aRU
$bРГИА
$c20140825
$gRCR
801#1$aRU
$bГлавНИВЦ
$c20140825
$2rusmarc
801#2$aRU
$bПБ им. Б.Н. Ельцина
$c20170830
$gRCR
$2rusmarc
850##$aРГИА
852##$aРГИА
$eФедеральное казенное учреждение "Российский государственный исторический архив" (РГИА)
$j85
937##$hРГИА
$d12096834
$aASBIBLIO_SCAN
462#0$1001a31eba00-df1d-4daa-abc2-0e5dad4ef41d
$12001
$a1898-1919 гг. Дела Александро-Невской лавры за 1899 г.
$1251
$cОпись
$1852
$j11
$l1899 г.
461#0$1001797db5dd-11cb-45cb-8b15-b71eb4796399
$12001
$aАлександро-Невская лавра
$1251
$cФонд
$1852
$j815
215##$a40 л.
$d36,5x26 см
371##$aДокумент не является опубликованным и широко распространяемым
105##$ay###
1222#$ad
035##$a95daa6f6-f032-43fc-9eb9-331b0eb13255
856##$uhttp://readingroom.main.prlib.ru/item.aspx?id_node=n103302585&mode=full
Формат отображения